00420nam a22001457a 450000500170000000800410001702000340005804100130009208200130010510000130011824500520013126000350018330000300021865000260024820231204143339.0231204b |||||||| |||| 00| 0 eng d a9780409122336 ; 9780409122336 aEnglish  a349 JOU  lEnglish  aThe Law of South Africa / cedited by JA Faris  aDurban : bLexisNexis, c2015  bxv, 452 pages ; c26 cm.  aLegal practice bLaw